000 00224nam a22000857a 4500
008 160713b xxu||||| |||| 00| 0 eng d
100 _92758
_a Hamilton, D
245 _aSettled Furrows
260 _aPennsylvania
_b Herald Press
_c1972
999 _c2393
_d2393